000 00491nam a2200193Ia 4500
008 220531s9999 xx 000 0 und d
041 _aeng
082 _a547
_bPRO / SIN
100 _aSingh, K.
_973928
245 _aProblems In Organic Chemistry
250 _a1ST
260 _aNew Delhi
_bWiley
_c2016
300 _a502
542 _d16-03-2017
551 _aScience
_bNon-grant-SCI
650 _aOrganic Chemistry
_973929
906 _d2016-2017
_f10624
999 _c41193
_d41193